[Event "Reykjavik op"]
[Site "Reykjavik"]
[Date "2017.04.23"]
[Round "6"]
[White "Johannsson, Birkir Isak"]
[Black "Tijssens, Rob"]
[Result "1-0"]
[WhiteElo "1567"]
[BlackElo "1799"]
[PlyCount "83"]
[EventDate "2017.04.19"]
[EventType "swiss"]
[EventRounds "10"]
[EventCountry "ISL"]
[SourceTitle "CBM 178 Extra"]
[Source "ChessBase"]
[SourceDate "2017.06.22"]
[SourceVersion "1"]
[SourceVersionDate "2017.06.22"]
[SourceQuality "1"]

1. d4 Nf6 2. c4 c5 3. d5 b5 4. cxb5 a6 5. bxa6 g6 6. Nc3 Bxa6 7. Nf3 d6 8. e4 Bxf1 9. Kxf1 Bg7 10. g3 Nbd7 11. Kg2 0-0 12. a4 Qb6 13. Qe2 Rfb8 14. Bd2 Ne8 15. Rhb1 Nc7 16. Ra3 Qb7 17. Qd3 Na6 18. Nb5 Nb6 19. b3 c4 20. bxc4 Nc5 21. Qc2 Nbxa4 22. Nc3 Qc8 23. Rxb8 Qxb8 24. Nxa4 Qe8 25. Nxc5 Rxa3 26. Nd3 Qa4 27. Qxa4 Rxa4 28. Bb4 Kf8 29. Nd2 Ra1 30. Kf3 Ra2 31. Nb3 Rc2 32. c5 dxc5 33. Nbxc5 Ke8 34. e5 Rc4 35. d6 exd6 36. exd6 Bf6 37. d7+ Kf8 38. Nb7+ Kg8 39. Ke3 Rd4 40. d8Q+ Rxd8 41. Nxd8 Bxd8 42. Ke4 1-0

[Event "Reykjavik op"]
[Site "Reykjavik"]
[Date "2014.03.11"]
[Round "9"]
[White "Raddatz, Michael"]
[Black "Tijssens, Rob"]
[Result "1/2-1/2"]
[WhiteElo "2044"]
[BlackElo "1782"]
[PlyCount "191"]
[EventDate "2014.03.04"]
[EventType "swiss"]
[EventRounds "10"]
[EventCountry "ISL"]
[SourceTitle "CBM 159 Extra"]
[Source "ChessBase"]
[SourceDate "2014.04.24"]
[SourceVersion "1"]
[SourceVersionDate "2014.04.24"]
[SourceQuality "1"]

1. e4 c5 2. Nf3 d6 3. d4 cxd4 4. Nxd4 Nf6 5. Nc3 a6 6. Bg5 e6 7. f4 Qb6 8. Qd2 Qxb2 9. Rb1 Qa3 10. Be2 Nc6 11. Nxc6 bxc6 12. 0-0 Be7 13. Kh1 0-0 14. Rf3 Qa5 15. Bd3 Ra7 16. Rh3 e5 17. f5 d5 18. Nxd5 Qxd2 19. Nxe7+ Rxe7 20. Bxd2 Rb7 21. Rxb7 Bxb7 22. Bb4 c5 23. Bxc5 Rc8 24. Be7 Nxe4 25. Kg1 f6 26. Rh4 Nc3 27. Bc4+ Kh8 28. Be6 Re8 29. Bb4 Ne2+ 30. Kf2 Nf4 31. Bf7 Rc8 32. Bb3 Nxg2 33. Rc4 Nf4 34. Bd2 Rxc4 35. Bxc4 Nd5 36. a4 Nb6 37. Bb3 Be4 38. Ba5 Nd7 39. Ke3 Bxf5 40. Bb4 Nb8 41. c4 Be6 42. a5 Kg8 43. Kd3 Kf7 44. Ba4 Bd7 45. Bd1 Ke6 46. Bc5 Bc6 47. Bb3 Bb7 48. Bf8 g6 49. Bc5 Nc6 50. Bb6 Nb8 51. Bc7 Nc6 52. c5+ Kf5 53. Bd1 g5 54. Ke3 Nd4 55. Bd8 g4 56. Ba4 Bc6 57. Bd1 h5 58. Be7 Nf3 59. h3 Nd4 60. hxg4+ hxg4 61. Bd8 g3 62. Be7 Ke6 63. Bd8 g2 64. Kf2 Nf3 65. Kxg2 Nd4+ 66. Kf2 f5 67. Bc7 Kd5 68. Bb6 e4 69. Bh5 Kc4 70. Ke3 Ne6 71. Be2+ Kd5 72. Bxa6 f4+ 73. Kf2 e3+ 74. Kf3 Ke5+ 75. Ke2 Nd4+ 76. Kf1 Nb5 77. Bc8 Kd4 78. Bd8 f3 79. Bf5 Be4 80. Bf6+ Kd3 81. Bd7 Nd4 82. Bg5 e2+ 83. Kf2 Bd5 84. a6 Nc2 85. Bf5+ Kc3 86. Bf6+ Kd2 87. Bg5+ Kd1 88. Bxc2+ Kxc2 89. Ke1 f2+ 90. Kxe2 Kb3 91. Kxf2 Kc4 92. Be7 Kb5 93. a7 Ka6 94. Ke3 Kxa7 95. Kd4 Bc6 96. Ke5 1/2-1/2

[Event "Reykjavik op"]
[Site "Reykjavik"]
[Date "2014.03.09"]
[Round "7"]
[White "Petersen, Jakob Alexander"]
[Black "Tijssens, Rob"]
[Result "0-1"]
[WhiteElo "1425"]
[BlackElo "1782"]
[PlyCount "84"]
[EventDate "2014.03.04"]
[EventType "swiss"]
[EventRounds "10"]
[EventCountry "ISL"]
[SourceTitle "CBM 159 Extra"]
[Source "ChessBase"]
[SourceDate "2014.04.24"]
[SourceVersion "1"]
[SourceVersionDate "2014.04.24"]
[SourceQuality "1"]

1. e4 c5 2. Nf3 d6 3. d4 cxd4 4. Nxd4 Nf6 5. Nc3 a6 6. Bc4 e6 7. Be3 b5 8. Bd3 Bb7 9. a3 Be7 10. Qd2 Nbd7 11. f3 Qc7 12. 0-0-0 0-0 13. Bg5 Rac8 14. Kb1 Ne5 15. f4 Nc4 16. Bxc4 Qxc4 17. e5 dxe5 18. fxe5 Nd5 19. Bxe7 Nxe7 20. Rhe1 Rfd8 21. Ne4 Bxe4 22. Rxe4 Rd5 23. c3 Ng6 24. Rde1 Qc7 25. Qe3 Rcd8 26. h4 Ne7 27. g4 Nc6 28. h5 Nxd4 29. Rxd4 Rxd4 30. cxd4 Qd7 31. Rd1 Qd5 32. g5 Rc8 33. h6 Qg2 34. Rc1 Rxc1+ 35. Qxc1 Qb7 36. hxg7 Qe4+ 37. Qc2 Qxc2+ 38. Kxc2 Kxg7 39. Kd3 Kg6 40. Ke4 Kxg5 41. Kf3 Kf5 42. b4 h5 0-1

[Event "Reykjavik op"]
[Site "Reykjavik"]
[Date "2014.03.08"]
[Round "6"]
[White "Tijssens, Rob"]
[Black "Thiry, Jean Christophe"]
[Result "0-1"]
[WhiteElo "1782"]
[BlackElo "1996"]
[PlyCount "104"]
[EventDate "2014.03.04"]
[EventType "swiss"]
[EventRounds "10"]
[EventCountry "ISL"]
[SourceTitle "CBM 159 Extra"]
[Source "ChessBase"]
[SourceDate "2014.04.24"]
[SourceVersion "1"]
[SourceVersionDate "2014.04.24"]
[SourceQuality "1"]

1. d4 d5 2. c4 e6 3. Nf3 Nf6 4. g3 Be7 5. Bg2 0-0 6. 0-0 dxc4 7. Qc2 a6 8. Qxc4 b5 9. Qc2 Bb7 10. Bd2 Be4 11. Qc1 c6 12. e3 Nbd7 13. Nc3 Bg6 14. Nh4 Rc8 15. Nxg6 hxg6 16. Ne4 Nxe4 17. Bxe4 Nf6 18. Bg2 Nd5 19. Qe1 c5 20. Ba5 Qd7 21. dxc5 Rxc5 22. Rd1 Qc8 23. Bxd5 Rxd5 24. Rxd5 exd5 25. Qd2 Bf6 26. Rc1 Qf5 27. Rc5 Qb1+ 28. Kg2 Qxa2 29. Rxd5 Qxb2 30. Qxb2 Bxb2 31. Rd6 Ra8 32. Rb6 Ba3 33. Kf3 Kf8 34. Ke4 Ke7 35. Kd5 Rd8+ 36. Kc6 Rd6+ 37. Kb7 Rxb6+ 38. Bxb6 Kd6 39. Kxa6 b4 40. Bd4 f6 41. Kb5 b3 42. Kc4 b2 43. Bxb2 Bxb2 44. f4 f5 45. h3 Bc1 46. Kd4 Bb2+ 47. Kc4 Kc6 48. g4 Bf6 49. Kd3 Kd5 50. Kd2 Ke4 51. Ke2 Bh4 52. g5 Bg3 0-1

[Event "Reykjavik op"]
[Site "Reykjavik"]
[Date "2014.03.07"]
[Round "5"]
[White "Carvalho Beserra, Juan Pablo"]
[Black "Tijssens, Rob"]
[Result "1/2-1/2"]
[WhiteElo "2005"]
[BlackElo "1782"]
[PlyCount "51"]
[EventDate "2014.03.04"]
[EventType "swiss"]
[EventRounds "10"]
[EventCountry "ISL"]
[SourceTitle "CBM 159 Extra"]
[Source "ChessBase"]
[SourceDate "2014.04.24"]
[SourceVersion "1"]
[SourceVersionDate "2014.04.24"]
[SourceQuality "1"]

1. d4 Nf6 2. Nf3 c5 3. e3 g6 4. Bd3 d5 5. b3 Bg7 6. Nbd2 cxd4 7. exd4 0-0 8. 0-0 Nc6 9. Bb2 Nb4 10. Re1 Nxd3 11. cxd3 Re8 12. Ne5 Bf5 13. Ndf3 Rc8 14. Ng5 Rf8 15. g4 Be6 16. Nxe6 fxe6 17. Qe2 Nd7 18. Nf3 Rc6 19. Rac1 Qc8 20. Ba3 Rf4 21. Ng5 Nf8 22. Rxc6 Qxc6 23. Nh3 Rxd4 24. Bb2 Rb4 25. Bxg7 Kxg7 26. Qe5+ 1/2-1/2

[Event "Reykjavik op"]
[Site "Reykjavik"]
[Date "2014.03.04"]
[Round "1"]
[White "Tijssens, Rob"]
[Black "Kvisvik, Brede Alexander"]
[Result "0-1"]
[WhiteElo "1782"]
[BlackElo "2257"]
[PlyCount "148"]
[EventDate "2014.03.04"]
[EventType "swiss"]
[EventRounds "10"]
[EventCountry "ISL"]
[SourceTitle "CBM 159 Extra"]
[Source "ChessBase"]
[SourceDate "2014.04.24"]
[SourceVersion "1"]
[SourceVersionDate "2014.04.24"]
[SourceQuality "1"]

1. d4 d5 2. c4 dxc4 3. e3 Nf6 4. Bxc4 e6 5. Nf3 a6 6. a3 b5 7. Ba2 Bb7 8. 0-0 Nbd7 9. b4 Be7 10. Bb2 0-0 11. Nbd2 a5 12. bxa5 Rxa5 13. Bb3 Nb6 14. Qc2 Qa8 15. Qxc7 Nbd5 16. Qc2 Bxa3 17. Bxa3 Rxa3 18. Qb2 Ra5 19. Rxa5 Qxa5 20. Bxd5 Nxd5 21. Rb1 Nc3 22. Ra1 Na4 23. Qa3 Rc8 24. h3 h6 25. Qe7 Qc7 26. Qb4 Nc3 27. Ne5 Bd5 28. Nd3 Na2 29. Qxb5 Qc3 30. Rd1 Qc7 31. Nc5 Nc3 32. Qf1 Nxd1 33. Qxd1 Qa5 34. Nf3 Ra8 35. Ne5 Qa1 36. Qxa1 Rxa1+ 37. Kh2 Rf1 38. Kg3 Rg1 39. Nf3 Rh1 40. Ne5 f6 41. Ned3 Kf7 42. Nf4 Bc4 43. f3 Rd1 44. h4 g5 45. hxg5 hxg5 46. Nh3 Re1 47. e4 Kg6 48. Nd7 Rd1 49. d5 exd5 50. exd5 Bxd5 51. Nc5 f5 52. Nf2 Rd2 53. Nfd3 f4+ 54. Kh2 Kf5 55. Kg1 Bc4 56. Nf2 Rc2 57. Nce4 Rc1+ 58. Kh2 Bd5 59. Nd6+ Ke6 60. Nde4 Bxe4 61. Nxe4 Kf5 62. Nf2 Re1 63. Kh3 Rf1 64. Ng4 Rh1+ 65. Nh2 Ke5 66. g3 Kd4 67. Kg2 Rxh2+ 68. Kxh2 Ke3 69. Kg2 Ke2 70. gxf4 gxf4 71. Kg1 Kxf3 72. Kf1 Ke3 73. Ke1 f3 74. Kf1 f2 0-1